| 000 | 01061nam a22002655a 4500 | ||
|---|---|---|---|
| 003 | OSt | ||
| 005 | 20170408111903.0 | ||
| 008 | 160922s2016 ua frb 000 0 ara d | ||
| 015 | _a2016 / 8117 | ||
| 020 | _a9789770480663 | ||
| 040 |
_aEG-ScBUE _bara _cEG-ScBUE |
||
| 043 | _af-ua--- | ||
| 082 | 0 | 4 |
_a342.62064 _bع م ا _222 |
| 100 | 1 | _aعمارة، صفوت محمد صلاح محمد فهمي. | |
| 245 | 1 | 2 |
_aالرقابة القضائية على أعمال السلطة التنفيذية أثناء حالة الطوارئ : _bدراسة مقارنة / _cصفوت محمد صلاح محمد فهمي عمارة. |
| 260 |
_aالقاهرة : _bدار النهضة العربية، _c2016. |
||
| 300 |
_a545 ص. ؛ _c24 سم. |
||
| 504 | _aيشتمل على إرجاعات ببليوجرافية. | ||
| 650 | 7 |
_aالرقاية القضائية _2BUEsh _zمصر. |
|
| 650 | 7 |
_2BUEsh _aالسلطة التنفيذية _zمصر. |
|
| 650 | 7 |
_2BUEsh _aقانون الطوارئ _zمصر. |
|
| 651 | _2BUEsh | ||
| 653 |
_bLLAAWW _cApril2017 |
||
| 942 | _2ddc | ||
| 999 |
_c24582 _d24554 |
||